| 000 | 00822cam a2200229 4500 | ||
|---|---|---|---|
| 001 | WB3612-08 | ||
| 008 | 000000n2000 000 0 eng u | ||
| 035 | _a(Sirsi) u105004 | ||
| 245 | _aBT to set up 50 e-advice shops | ||
| 260 | _c2000 | ||
| 490 |
_aGuardian _v 23 March 2000, 31(1) |
||
| 520 | _aBT announces a £70m government-backed initiative to create up to 50 regional one-stop advice shops for potential overseas investors in business and technology parks, and promote the UK as Europe's centre for e-commerce. | ||
| 590 | _aWB | ||
| 650 | _aE-COMMERCE | ||
| 650 | _aBRITISH TELECOM | ||
| 650 | _aREGIONAL CENTRES | ||
| 650 | _aINTERNET | ||
| 650 | _aUNITED KINGDOM | ||
| 650 | _aINWARD INVESTMENT | ||
| 690 | _aPROPERTY-COMMERCIAL PROPERTY-COMMERCIAL PROPERTY FINANCE AND INVESTMENT | ||
| 942 | _n0 | ||
| 999 |
_c62979 _d62979 |
||